00632nam a2200181Ia 4500008004100000041000800041082001600049100001800065245004500083250001200128260002400140300000800164365001600172700004000188906003400228999001900262952016900281230718s9999 xx 000 0 und d aeng a005.75bFEU aFeuerstein S. aOracle PL/SQL LanguagebPocket Reference a4th ed. c2008bSpd / Oreilly a170 cRs.b125.00 aFeuerstein S.; Pribly B. & Dawes C. dB:108090072217-Oct-2008cCOMP c320250d320250 00104070aCCEPbCCEPd2009-02-23eVarma Book DistributorsfCOMPg125.00i1080900722l0o005.75pCCEP-BK-31457r2023-07-18 00:00:00v125.00w2008-10-17yBKz031457